Bande dessinée - Décodeur - Statistiques

Statistiques générales
  • Ce quiz a été pris 8 680 fois
    7 660 depuis la dernière actualisation
  • Le résultat moyen est 13 sur 22
Statistiques - réponses
Indice Réponse % Correct
Il est tombé dans une marmite de potion magique quand il était petit Obélix
95%
Schtroumpf féminin créée par Gargamel Schtroumpfette
85%
Animal prénommé Caroline dans Boule et Bill Tortue
85%
Animal imaginaire vivant en Palombie Marsupilami
78%
Jeune fille dont est amoureux Titeuf Nadia
78%
Civilisation au cœur de l'album Le Temple du Soleil des Aventures de Tintin Inca
77%
Créateur d'Astérix avec René Goscinny Albert Uderzo
74%
Frère le plus grand des Dalton dans les aventures de Lucky Luke Averell
74%
Animal apprivoisé de Spirou nommé Spip Écureuil
73%
Il veut être "calife à la place du calife" Iznogoud
73%
Mot dont la prononciation imite un bruit naturel ou artificiel comme "Boom" ou "Snif" Onomatopée
69%
Destination du vol 714 dans un album des Aventures de Tintin Sydney
63%
Amie de Cédric d'origine chinoise Chen
57%
Plante dont raffolent les Schtroumpfs Salsepareille
57%
Grade de Chesterfield dans Les Tuniques Bleues Sergent
57%
Nom du créateur de Gaston André Franquin
44%
Citation {Ils} {sont} {fous} {ces} {romains}
42%
Il a inventé les pantoufles à moteur ou encore le générateur artificiel de mal de mer Léonard
40%
Homme préhistorique qui possède un coutelas et un collier de cinq griffes Rahan
40%
Hôtesse de l'air blonde créée par François Walthéry et Gos Natacha
36%
Sœur de Sylvain avec qui elle vit dans une chaumière au cœur de la forêt Sylvette
29%
Colonel antagoniste de Blake et Mortimer Olrik
19%
Aucun quiz correspondant
Distribution des résultats
% des personnes avec chaque résultat
Percentile par nombre de réponses
Votre historique - résultats
Vous n’avez pas pris ce quiz depuis la dernière actualisation